| 000 | 00408nam a2200133Ia 4500 | ||
|---|---|---|---|
| 008 | 170224s9999 xx 000 0 und d | ||
| 100 | _aDaniel McDonald | ||
| 245 | _aWhen Deceitful Chats Look Truthful | ||
| 245 | _cDaniel McDonald, Randall Boyle & John Anderson | ||
| 260 | _bJournal of Computer Information Systems | ||
| 260 | _c2016 | ||
| 300 | _a56:, Pages: 331-340 | ||
| 650 | _xInformation Technology | ||
| 999 |
_c315902 _d315902 |
||